000 00413pab a2200157 454500
008 180718b2011 xxu||||| |||| 00| 0 eng d
100 _aDasgupta, Arindam
245 _aPublic expenditure management committee report: A critical review
260 _c2011
300 _ap.15-19.
362 _a22 Oct
650 _aPublic expenditure
773 _aEconomic and Political Weekly
908 _aN
909 _a94070
999 _c94070
_d94070